LEADER 01077nam a2200253 i 4500 001 000000104479 003 CaOOAMICUS 005 20070328113417.0 008 070328s2006 it b u000 u ita c 020 $a88-263-1630-9 040 $aUSC$bita$dPUL$dLDA 245 00$aMorte-risurrezione nella Bibbia /$channo collaborato: Francesco Bianchi ... [et al.]. 260 $aRoma :$bBorla,$c2006. 300 $a424 p. ;$c20 cm 490 1 $aDizionario di spiritualitą biblico-patristica ;$v0044 504 $aBibliografia in note 700 1 $aBianchi, Francesco.$0(OLS)http://pul/name/52870 830 0$aDizionario di spiritualitą biblico-patristica ;$v0044.$0(OLS)http://pul/title/65660 850 $aPUL 852 $aPUL$W1$xSL Cons. Gen., Altre Classi 1$y1$m2016 E 44$j116899$qStampati$B116891$CPULBib$Z2$F116891 $H103003 $82 941 1 $a8 996 $6020$a88-263-1630-9$9(OLS)http://pul/number/133978 996 $6245$aMorte-risurrezione nella Bibbia$9(OLS)http://pul/title/131424 996 $6260$aRoma :$bBorla$9(OLS)http://pul/publisher/48061 LEADER 01450nam a2200337 a 4500 001 000000134047 003 CaOOAMICUS 005 20130524132517.0 008 130524s2005 it u000 u ita r 020 $a88-7016-591-4 040 $aPUL$bita 041 1 $aita$heng 082 04$a220.6 100 1 $aLimburg, James.$0(OLS)http://pul/name/86387 240 10$aHosea-Micah.$lItaliano.$0(OLS)http://pul/title/169456 245 12$aI dodici profeti :$bOsea, Gioele, Amos, Abdia, Giona, Michea /$cJames Limburg ; edizione italiana a cura di Corrado Ferri. 260 $aTorino :$bClaudiana,$c©2005. 300 $a300 p. ;$c24 cm. 490 1 $aStrumenti. Commentari ;$v23 504 $aBibliografia: p. 269-272. 630 04$aBiblia.$pV.T.$pProphetae minores$xCommenti.$0(OLS)http://pul/subject/2003 700 1 $aFerri, Corrado.$0(OLS)http://pul/name/72128 830 0$aStrumenti (Claudiana).$pCommentari ;$v23.$0(OLS)http://pul/title/133061 850 $aPUL 852 $aPUL$W1$xSL Religione 3$y85$m220. 6 COLL 1.23$j154117$qDDC 21$B153668$CPULBib$Z2$F153668 $H122495 $82 941 1 $a9 996 $6020$a88-7016-591-4$9(OLS)http://pul/number/152821 996 $6082$a220.6$9(OLS)http://pul/classification/388 996 $6245$aI dodici profeti :$bOsea, Gioele, Amos, Abdia, Giona, Michea$9(OLS)http://pul/title/169457 996 $6260$aTorino :$bClaudiana$9(OLS)http://pul/publisher/48072